Dune: la Casa Atreides

Na minha lista:
Detalhes bibliográficos
Main Authors: Herbert, Brian (Author), Anderson, Kevin J (Author)
Formato: Livro
Idioma:espanhol
Publicado em: Barcelona DeBolsillo 2010
Edição:6a. ed
Colecção:Biblioteca, 553, 1. Best Seller
Assuntos:
Tags: Adicionar Tag
Sem tags, seja o primeiro a adicionar uma tag!

MARC

LEADER 00000cam a2200000 a 4500
001 UCF1659
003 CL-VaPUC
008 120723e20100000SP |||||||||||||||||spa|d
020 |a 9788497593168 
082 0 4 |a 813  |b HER  |2 21 
100 |a Herbert, Brian  |e author  |9 563143 
700 0 |a Anderson, Kevin J  |e author  |9 563144 
245 1 0 |a Dune: la Casa Atreides 
250 |a 6a. ed 
300 |a 781 p 
942 |c BK 
945 |d 20120723 00:00:00  |a cmena 
260 |a Barcelona  |b DeBolsillo  |c 2010 
500 |a Por fin llegó a manos de los millones de seguidores de Dune la introducción a la serie escrita por Frank Herbert hace más de treinta años, y que ha sido una de las más famosas y vendidas en todo el mundo. 
500 |a Con una barroca y sabia combinación de filosofía, religión, política, historia y ecología, Dune. La Casa Atreides revela cruciales detalles de la genealogía de los principales personajes de la saga, centrando su trama en la Casa Atreides y en el desértico planeta Dune, que contiene la melange, la especia indispensable para los viajes espaciales y el desarrollo de los poderes psicosensoriales. En Dune gobiernan los crueles Harkonnen, pero en el palacio imperial de Kaitain el príncipe heredero Shaddam y su pérfido consejero Fenring planean obtener melange sintética y envenenar al emperador Elrood. Una emocionante novela de aventuras que nos transportan al exótico universo creado por F. Herbert, ya conocido por sus seguidores, y que introducirá a los nuevos lectores en un incomparable mundo cuyo futuro pende de un delgado hilo 
650 0 |a Novelas estadounidenses  |9 265217 
650 0 |a Literatura estadounidense  |9 317168 
650 0 |a Novelas de ciencia ficción  |9 320228 
583 |a last modification  |c 20120723 10:17:00  |k Rodrigo Vera 
490 0 |a Biblioteca, 553, 1. Best Seller 
999 |c 348347  |d 348345 
952 |0 0  |1 0  |4 0  |6 813_000000000000000_HER_2010  |7 0  |8 A  |9 450326  |a BIBING  |b BIBING  |d 2019-11-22  |i 4875281  |l 2  |o 813 HER 2010  |p 4875281  |r 2025-01-20  |s 2024-09-03  |w 2019-11-22  |y BK  |k CUI